[Event "42nd TCh-ITA Masters"]
[Site "Arvier ITA"]
[Date "2010.05.02"]
[Round "7"]
[White "Rombaldoni,D"]
[Black "Cherin,D"]
[Result "1-0"]
[WhiteElo "2482"]
[BlackElo "2283"]
[EventDate "2010.04.29"]

1. d4 f5 2. Bf4 Nf6 3. e3 d5 4. Nf3 e6 5. Nbd2 Be7 6. Ne5 O-O 7. Be2 Nbd7
8. h4 c5 9. c3 Qb6 10. Qc2 Nxe5 11. Bxe5 Bd6 12. Nf3 Ng4 13. Bxd6 Qxd6 14.
Rd1 Bd7 15. Kf1 Rae8 16. Rd2 b5 17. Ne1 c4 18. Kg1 Rb8 19. Bxg4 fxg4 20.
Qd1 h5 21. Nc2 Be8 22. e4 Bg6 23. e5 Qe7 24. a3 a5 25. Qe2 Rf4 26. Qe3 Rff8
27. Qg3 Bxc2 28. Rxc2 b4 29. axb4 axb4 30. Kh2 Qf7 31. Qe3 Qf5 32. Rd2 Rb7
33. Ra1 Rfb8 34. Kg3 Kh7 35. Qf4 Kg6 36. Ra6 bxc3 37. bxc3 Rb3 38. Qxf5+
Kxf5 39. Rc2 Rb2 40. Rc1 Rb1 41. Rxb1 Rxb1 42. f3 gxf3 43. gxf3 Rb7 44. Rc6
Re7 45. Rb6 g5 46. hxg5 Kxg5 47. f4+ Kf5 48. Kf3 Ra7 49. Rb8 Ra3 50. Rf8+
Kg6 51. f5+ Kg7 52. Rd8 Rxc3+ 53. Kf4 exf5 54. Rxd5 h4 55. Rd7+ Kg8 56. e6
Kf8 57. Kg5 Ke8 58. Kf6 Re3 59. d5 h3 60. Rh7 Kd8 61. d6 Kc8 62. Rh8+ Kb7
63. d7 1-0

[Event "42nd TCh-ITA Masters"]
[Site "Arvier ITA"]
[Date "2010.05.02"]
[Round "7"]
[White "Lenic,L"]
[Black "Shirov,A"]
[Result "0-1"]
[WhiteElo "2603"]
[BlackElo "2737"]
[EventDate "2010.04.29"]

1. d4 d5 2. c4 c6 3. Nf3 Nf6 4. e3 Bf5 5. Nc3 e6 6. Nh4 Bg6 7. Nxg6 hxg6 8.
Be2 Nbd7 9. h3 g5 10. Bd2 dxc4 11. Bxc4 g4 12. Be2 gxh3 13. Rxh3 Rxh3 14.
gxh3 Qc7 15. Rc1 Qh2 16. Bf1 e5 17. Qf3 exd4 18. exd4 Bd6 19. Qg2 Qxg2 20.
Bxg2 Nb6 21. Ne4 Be7 22. Nc5 O-O-O 23. Be3 Nfd5 24. Ke2 Re8 25. Na4 Kc7 26.
Nxb6 Kxb6 27. Bxd5 cxd5 28. Kf3 Rh8 29. Kg3 Bd6+ 30. Kg4 g6 31. Rc3 f6 32.
Bd2 Rh5 33. f4 f5+ 34. Kg3 Rh8 35. Rb3+ Kc6 36. Bb4 Bc7 37. Rc3+ Kd7 38.
Rc5 b6 39. Rc1 Re8 40. Re1 Re4 41. Rxe4 dxe4 42. d5 g5 43. Bd2 Bxf4+ 0-1